United States color-coded war plans - Statistics

General Stats
  • This quiz has been taken 84 times
    46 since last reset
  • The average score is 7 of 13
Answer Stats
Color Country % Correct
War Plan Black Germany
100%
War Plan Orange Japan
98%
War Plan Red United Kingdom
95%
War Plan Gold France
93%
War Plan Green Mexico
93%
War Plan Yellow China
88%
War Plan Tan Cuba
62%
War Plan Brown Philippines
26%
War Plan Purple South America
24%
War Plan White United States
21%
War Plan Indigo Iceland
19%
War Plan Gray Central America or Azores
17%
War Plan Blue Peacetime
5%
No matching quizzes found
Score Distribution
Percent of People with Each Score
Percentile by Number Answered
Your Score History
You have not taken this quiz since the last reset